=LDR 00000nam 2200000 4500 =001 INLIS000000000017597 =005 20201203081513 =035 ##$$a 0010-061300000017597 =008 201203################g##########0#ind## =041 ##$$a Ind =082 ##$$a 323.4 =090 ##$$a 323.4, Hak h =245 ##$$a Hak asasi manusia : $b sebuah pengantar /$c editor, George Clak ; penerjemah, A. Hermaya =260 ##$$a Jakarta :$b Pustaka Sinar Harapan,$c 1998. =300 ##$$a viii, 151 hlm, : $b Ilus. ; $c 21 x 14 cm. =650 #4$$a Hak asasi manusia =700 #$$a Hermaya, A =700 #$$a George Clak =850 ##$$a NBPNMAT =020 ##$$a 979-416-577-8 =084 ##$$a 323.4 HAK h =504 ##$$a Bibliografi : hlm.136-138 =520 ##$$a Indeks : hlm.139-151 =990 ##$$a 20603732 =990 ##$$a 20603733 =990 ##$$a 20603734 =990 ##$$a 20603735